zpět

Detail výsledku týmu

Studentský klub, Opava

Datum a čas kvízu

30 Celkem bodů Celkový počet nahraných bodů na tomto kvízu bez doplňovacích otázek.
4. Pořadí na kvízu Konečné umístění týmu na tomto kvízu.

Zaznamenané odpovědi

# Otázka Odpověď Body Výsledky
1. Šéf Generální inspekce bezpečn... 1
2. Drobná africká monarchie slaví... 0
3. Pořadatelé karlovarského filmo... 0
4. Minulý týden oslavila kulaté 7... 1
5. V pátek a v sobotu se v Klatov... 1
6. Ve kterém městě (má asi 50 000... 0
7. Velký úspěch minulý rok zaznam... 1
8. Olga Sommerová je od roku 2014... 0
9. Režisérka Helena Třeštíková na... 1
10. Seřaďte tyto dokumenty podle j... 0